书目信息 |
| 题名: |
中国出土古文献十讲
|
|
| 作者: | 裘锡圭 著 | |
| 分册: | ||
| 出版信息: | 上海 复旦大学出版社 2004 |
|
| 页数: | 423页 | |
| 开本: | 21cm | |
| 丛书名: | 名家专题精讲 | |
| 单 册: | ||
| 中图分类: | K877.04 | |
| 科图分类: | ||
| 主题词: | 出土文物 , 文献 , 出土文物--文献--研究--中国 | |
| 电子资源: | ||
| ISBN: | 7-309-04240-9 | |
| 000 | 00976oam2 2200289 450 | |
| 001 | 002847638 | |
| 005 | 20061114084724.03 | |
| 010 | @a7-309-04240-9@dCNY22.00 | |
| 100 | @a20050418d2004 em y0chiy0110 ea | |
| 101 | 0 | @achi |
| 102 | @aCN@b310000 | |
| 105 | @ay z 000yy | |
| 200 | 1 | @a中国出土古文献十讲@9zhong guo chu tu gu wen xian shi jiang@f裘锡圭著 |
| 210 | @a上海@c复旦大学出版社@d2004 | |
| 215 | @a423页@d21cm | |
| 225 | 2 | @a名家专题精讲 |
| 308 | @a丛书第四辑 | |
| 330 | @a本书是作者研究中国出土古文献有关专论文章的结集。论述了中国古典学重建中应该注意的问题、中国出土简帛古籍在文献学上的重要意义、关于郭店简中的道家著作等问题。 | |
| 461 | 0 | @12001 @a名家专题精讲 |
| 516 | 1 | @a中国出土古文献十论@9zhong guo chu tu gu wen xian shi lun |
| 606 | 0 | @a出土文物 |
| 606 | 0 | @a文献 |
| 606 | 0 | @a出土文物@x文献@x研究@y中国 |
| 690 | @aK877.04@v4 | |
| 701 | 0 | @a裘锡圭@9qiu xi gui@f(1935.6~)@4著 |
| 801 | 0 | @aCN@bNLC@c20061114 |
| 905 | @a10447@dK877.04@e202 | |
| 中国出土古文献十讲/裘锡圭著.-上海:复旦大学出版社,2004 |
| 423页;21cm.-(名家专题精讲) |
| ISBN 7-309-04240-9:CNY22.00 |
| 本书是作者研究中国出土古文献有关专论文章的结集。论述了中国古典学重建中应该注意的问题、中国出土简帛古籍在文献学上的重要意义、关于郭店简中的道家著作等问题。 |
| ● |
| 相关链接 |
|
|
|
|
正题名:中国出土古文献十讲
索取号:K877.04/202
 
预约/预借
| 序号 | 登录号 | 条形码 | 馆藏地/架位号 | 状态 | 备注 |
| 1 | 0382521 | 203825218 | 第二样本阅览室/ [索取号:K877.04/202] | 在馆 | |
| 2 | 0382522 | 203825227 | 第二借阅区/ [索取号:K877.04/202] | 在馆 | |
| 3 | 0382523 | 203825236 | 密集书库/ [索取号:K877.04/202] | 在馆 | |
| 4 | 0382524 | 203825245 | 密集书库/ [索取号:K877.04/202] | 在馆 | |
| 5 | 0382525 | 203825254 | 第二借阅区/ [索取号:K877.04/202] | 在馆 |